<?xml version='1.0' encoding='UTF-8'?>
  <record xmlns="http://www.loc.gov/MARC21/slim">
    <leader>00000cam a2200000Ma 4500</leader>
    <controlfield tag="001">ocm32439285</controlfield>
    <controlfield tag="003">OCoLC</controlfield>
    <controlfield tag="005">20240127100239.6</controlfield>
    <controlfield tag="008">840603s1782    re f     b    000 0 latdd</controlfield>
    <datafield tag="040" ind1=" " ind2=" ">
      <subfield code="a">UMM</subfield>
      <subfield code="b">eng</subfield>
      <subfield code="c">UMM</subfield>
      <subfield code="d">OCLCQ</subfield>
      <subfield code="d">OCLCG</subfield>
      <subfield code="d">OCLCQ</subfield>
      <subfield code="d">OCLCF</subfield>
      <subfield code="d">OCLCQ</subfield>
      <subfield code="d">OCLCO</subfield>
      <subfield code="d">L2U</subfield>
      <subfield code="d">OCLCO</subfield>
      <subfield code="d">OCLCL</subfield>
    </datafield>
    <datafield tag="066" ind1=" " ind2=" ">
      <subfield code="c">(S</subfield>
    </datafield>
    <datafield tag="029" ind1="1" ind2=" ">
      <subfield code="a">NLGGC</subfield>
      <subfield code="b">097692166</subfield>
    </datafield>
    <datafield tag="035" ind1=" " ind2=" ">
      <subfield code="a">(OCoLC)32439285</subfield>
    </datafield>
    <datafield tag="060" ind1="0" ind2=" ">
      <subfield code="a">WZ 260</subfield>
      <subfield code="b">B713c 1782</subfield>
    </datafield>
    <datafield tag="100" ind1="1" ind2=" ">
      <subfield code="a">Bonn, A.</subfield>
      <subfield code="q">(Andreas),</subfield>
      <subfield code="d">1738-1818.</subfield>
      <subfield code="1">https://id.oclc.org/worldcat/entity/E39PBJyRxYKfKjyFTjXqQkWhpP</subfield>
    </datafield>
    <datafield tag="245" ind1="1" ind2="0">
      <subfield code="a">Andreae Bonn ... Commentatio de humero luxato.</subfield>
    </datafield>
    <datafield tag="260" ind1=" " ind2=" ">
      <subfield code="a">Lugduni Batavorum :</subfield>
      <subfield code="b">Apud S. et J. Luchtmans ;</subfield>
      <subfield code="a">Amstelodami :</subfield>
      <subfield code="b">Apud P. Hayman,</subfield>
      <subfield code="c">1782.</subfield>
    </datafield>
    <datafield tag="300" ind1=" " ind2=" ">
      <subfield code="a">60, [7] pages, [4] folded leaves of plates ;</subfield>
      <subfield code="c">28 cm</subfield>
    </datafield>
    <datafield tag="336" ind1=" " ind2=" ">
      <subfield code="a">text</subfield>
      <subfield code="b">txt</subfield>
      <subfield code="2">rdacontent</subfield>
    </datafield>
    <datafield tag="337" ind1=" " ind2=" ">
      <subfield code="a">unmediated</subfield>
      <subfield code="b">n</subfield>
      <subfield code="2">rdamedia</subfield>
    </datafield>
    <datafield tag="338" ind1=" " ind2=" ">
      <subfield code="a">volume</subfield>
      <subfield code="b">nc</subfield>
      <subfield code="2">rdacarrier</subfield>
    </datafield>
    <datafield tag="500" ind1=" " ind2=" ">
      <subfield code="a">Signatures: A-H4 I2.</subfield>
    </datafield>
    <datafield tag="504" ind1=" " ind2=" ">
      <subfield code="a">Includes bibliographical references.</subfield>
    </datafield>
    <datafield tag="650" ind1=" " ind2="0">
      <subfield code="a">Shoulder joint</subfield>
      <subfield code="x">Dislocation.</subfield>
    </datafield>
    <datafield tag="650" ind1=" " ind2="2">
      <subfield code="a">Shoulder Dislocation</subfield>
    </datafield>
    <datafield tag="650" ind1=" " ind2="6">
      <subfield code="a">Articulation scapulohumérale</subfield>
      <subfield code="x">Luxations.</subfield>
    </datafield>
    <datafield tag="650" ind1=" " ind2="7">
      <subfield code="a">Shoulder joint</subfield>
      <subfield code="x">Dislocation.</subfield>
      <subfield code="2">fast</subfield>
      <subfield code="0">(OCoLC)fst01117718</subfield>
    </datafield>
    <datafield tag="758" ind1=" " ind2=" ">
      <subfield code="i">has work:</subfield>
      <subfield code="a">Andreae Bonn ... Commentatio de humero luxato (Text)</subfield>
      <subfield code="1">https://id.oclc.org/worldcat/entity/E39PCFYtX8PQhpBJbXMHKg9wfq</subfield>
      <subfield code="4">https://id.oclc.org/worldcat/ontology/hasWork</subfield>
    </datafield>
    <datafield tag="880" ind1=" " ind2=" ">
      <subfield code="6">500-00</subfield>
      <subfield code="a">π 4 A-H 4 I 2.</subfield>
    </datafield>
  </record>